Quelle Sainte française ? - Clic Quiz - Statistiques

Statistiques générales
  • Ce quiz a été pris 30 fois
  • Le résultat moyen est 9 sur 20
Statistiques - réponses
Hint Explanation Réponse % Correct
A vécu au Ve siècle
73%
Est au cœur de fêtes annuelles à Orléans
70%
A été condamnée par l'évêque Pierre Cauchon
63%
Parlait principalement le patois bigourdan
60%
Ses parents ont été déclarés saints en 2015 Saints Louis et Zélie Martin
57%
Son livre autobiographique s'est vendu à plus de 500 millions d'exemplaires Histoire d'une âme
50%
Certains de ses poèmes ont été chantés par Natasha St-Pier
50%
A dit "Je ne suis pas chargée de vous le faire croire, je suis chargée de vous le dire"
47%
Est devenue religieuse à l'âge de 15 ans
43%
Est décédée à Nevers
40%
A une comédie musicale à son nom, composée par Grégoire
37%
Avait pour devise "Dieu premier servi"
37%
A connu une grande dévotion de la part des "Poilus" lors de la Guerre 14-18
33%
Est fêtée le 18 février
33%
Est la sainte patronne de la gendarmerie nationale française
33%
A vécu sa vocation en suivant la "petite voie"
30%
A été canonisée la première En 1920
30%
A inspiré une pièce de théâtre de Charles Péguy
27%
Est née à Nanterre
23%
Était fille unique
17%
Aucun quiz correspondant
Distribution des résultats
% des personnes avec chaque résultat
Percentile par nombre de réponses
Votre historique - résultats
Vous n’avez pas pris ce quiz